logo

Bir Sreshtho Munshi Abdur Rouf Library
Jhenaidah Cadet College

Made in America : (Record no. 5018)

MARC details
000 -LEADER
fixed length control field 00895cam a2200301 a 4500
001 - CONTROL NUMBER
JCCL Control Number 5018
003 - CONTROL NUMBER IDENTIFIER
JCCL marc code BD-JhCC
005 - DATE AND TIME OF LATEST TRANSACTION
control field 20171207091254.0
008 - FIXED-LENGTH DATA ELEMENTS--GENERAL INFORMATION
fixed length control field 850703s1985 nyuaf 101 0aeng
020 ## - INTERNATIONAL STANDARD BOOK NUMBER
International Standard Book Number 0688058825 :
Terms of availability $17.95
035 ## - SYSTEM CONTROL NUMBER
system control number (BD-JhCC) 5018
040 ## - CATALOGING SOURCE
Original cataloging agency DLC
Transcribing agency DLC
Modifying agency DLC
041 ## - LANGUAGE CODE
Language code of Book eng
050 00 - LIBRARY OF CONGRESS CALL NUMBER
Classification number GV742.42.U32
Item number A3 1985
082 00 - DEWEY DECIMAL CLASSIFICATION NUMBER
Classification number 796/.092/4
-- 796.0924
DDC Edition number 19
Author mark and Year UEB 1985
100 1# - MAIN ENTRY--PERSONAL NAME
Personal name Ueberroth, Peter.
245 10 - TITLE STATEMENT
Title Made in America :
Remainder of title his own story /
Statement of responsibility, etc Peter Ueberroth, with Richard Levin and Amy Quinn.
250 ## - EDITION STATEMENT
Edition statement 1st ed.
260 ## - PUBLICATION, DISTRIBUTION, ETC. (IMPRINT)
Place of publication, distribution, etc New York :
Name of publisher, distributor, etc W. Morrow,
Date of publication, distribution, etc c1985.
300 ## - PHYSICAL DESCRIPTION
Pagination 401 p., [4] p. of plates :
Other physical details ill. (some col.) ;
Dimensions 24 cm.
500 ## - GENERAL NOTE
General note Includes index.
600 10 - SUBJECT ADDED ENTRY--PERSONAL NAME
Personal name Ueberroth, Peter.
650 #0 - SUBJECT ADDED ENTRY--TOPICAL TERM
Topical term or geographic name as entry element Sports promoters
Geographic subdivision United States
Form subdivision Biography.
700 1# - ADDED ENTRY--PERSONAL NAME
Personal name Levin, Rich,
Dates associated with a name 1943-
700 1# - ADDED ENTRY--PERSONAL NAME
Personal name Quinn, Amy.
942 ## - ADDED ENTRY ELEMENTS (KOHA)
Source of classification or shelving scheme Dewey Decimal Classification
Koha item type Books
Holdings
Source of classification or shelving scheme Damaged status Not for loan Home library Current library Shelving location Date of accession Source of acquisition Total Checkouts Full call number Barcode Date last seen Copy number Koha item type
Dewey Decimal Classification     JCC Rouf Library JCC Rouf Library General Stacks 12/07/2017 The Asia Foundation   796/.092/4 UEB 1985 6945 12/07/2017 C- 1 Books

JCC Library | Contacts | JCC Home

Last Update on 23 September 2017
Copyright @ 2017-2020 JCC Rouf Library
Rouf Library, Jhenidah Cadet College (JCC), Bangladesh